| 000 | 00774nam a22002417a 4500 | ||
|---|---|---|---|
| 003 | OSt | ||
| 005 | 20220107122817.0 | ||
| 008 | 160627b xxu||||| |||| 00| 0 eng d | ||
| 020 | _a9781107659308 | ||
| 040 | _cIIITMK | ||
| 082 | _a658.453 OST/S | ||
| 100 |
_aOster, Sandra _99901 |
||
| 245 |
_aSuccessful grant proposals in science, technology and medicine: _bA guide to writing the narrative. _cSandra Oster and Paul Cordo |
||
| 260 |
_aUK, _bCambridge University Press, _c2015. |
||
| 300 | _axii, 378p. | ||
| 650 |
_aPROPOSAL WRITING FOR GRANTS _99902 |
||
| 650 |
_aREPORT WRITING _910268 |
||
| 650 |
_aWRITTEN COMMUNICATION _910269 |
||
| 650 |
_aSCIENCE AND TECHNOLOGY _910270 |
||
| 650 |
_aTECHNICAL WRITING _99903 |
||
| 700 |
_aCordo, Paul _99905 |
||
| 942 |
_2ddc _cBK |
||
| 999 |
_c5262 _d5262 |
||